[Event "GBR-ch71"]
[Site "Brighton"]
[Date "1984.08.01"]
[Round "3"]
[White "Hawksworth, John C"]
[Black "Thomas, Nicholas A"]
[Result "1-0"]
[WhiteElo "2340"]
[BlackElo "2040"]
[PlyCount "75"]
[EventDate "1984.07.30"]
[EventType "swiss"]
[EventRounds "11"]
[EventCountry "GBR"]
[SourceTitle "BritBase"]
[Source "John Saunders"]
[SourceDate "2020.09.07"]
[SourceVersion "1"]
[SourceVersionDate "2020.09.07"]
[SourceQuality "2"]

1. d4 Nf6 2. c4 g6 3. g3 Bg7 4. Bg2 d6 5. Nf3 O-O 6. O-O Nbd7 7. Nc3 c6 8. e4
e5 9. h3 Qe7 10. Re1 Re8 11. Be3 h6 12. Qc2 b6 13. Rad1 Bb7 14. b3 Rac8 15. Qd2
Kh7 16. Nh2 Rcd8 17. d5 cxd5 18. exd5 Rc8 19. Nb5 a5 20. f4 Qf8 21. fxe5 dxe5
22. Qf2 Nc5 23. Rf1 e4 24. Bd4 Nh5 25. g4 Bxd4 26. Nxd4 e3 27. Qxf7+ Qxf7 28.
Rxf7+ Ng7 29. Re1 h5 30. Nf1 Kg8 31. Rf6 hxg4 32. hxg4 Nd7 33. Rxg6 Kf7 34. Rd6
Ke7 35. Rh6 Nf6 36. g5 Ng4 37. Rxb6 Ba8 38. Bh3 1-0

[Event "GBR-ch71"]
[Site "Brighton"]
[Date "1984.08.01"]
[Round "3"]
[White "Hawthorne, John P"]
[Black "Hawkes, Robert"]
[Result "1/2-1/2"]
[WhiteElo "2150"]
[BlackElo "2365"]
[PlyCount "82"]
[EventDate "1984.07.30"]
[EventType "swiss"]
[EventRounds "11"]
[EventCountry "GBR"]
[SourceTitle "BritBase"]
[Source "John Saunders"]
[SourceDate "2020.09.07"]
[SourceVersion "1"]
[SourceVersionDate "2020.09.07"]
[SourceQuality "2"]

1. d4 g6 2. Nf3 Bg7 3. Bf4 c5 4. c3 Qb6 5. Qc1 d5 6. e3 Nf6 7. Bd3 O-O 8. Nbd2
cxd4 9. exd4 Qe6+ 10. Be2 Nh5 11. Be3 h6 12. Nb3 b6 13. O-O Kh7 14. Re1 f5 15.
Bd3 Qf7 16. Bd2 a5 17. Qc2 Ba6 18. Nc1 Nc6 19. Bxa6 Rxa6 20. Nd3 Rc8 21. Qd1
Nf6 22. Bf4 Nd7 23. Qe2 Ra7 24. Nde5 Bxe5 25. Nxe5 Ndxe5 26. Bxe5 Rb7 27. Qa6
e6 28. Qe2 Nxe5 29. Qxe5 Re8 30. h3 Qg7 31. Qe2 Qd7 32. Qd3 Qd6 33. a3 Kg7 34.
Re2 b5 35. Ree1 Rc8 36. Re2 Rb6 37. Rae1 Re8 38. Re5 Re7 39. Qe3 b4 40. axb4
axb4 41. h4 bxc3 1/2-1/2

[Event "GBR-ch71"]
[Site "Brighton"]
[Date "1984.08.01"]
[Round "3"]
[White "Hebden, Mark L"]
[Black "Botterill, George Steven"]
[Result "1/2-1/2"]
[WhiteElo "2480"]
[BlackElo "2430"]
[PlyCount "109"]
[EventDate "1984.07.30"]
[EventType "swiss"]
[EventRounds "11"]
[EventCountry "GBR"]
[SourceTitle "BritBase"]
[Source "John Saunders"]
[SourceDate "2020.09.07"]
[SourceVersion "1"]
[SourceVersionDate "2020.09.07"]
[SourceQuality "2"]

1. e4 e6 2. d4 d5 3. Nc3 Bb4 4. e5 Ne7 5. Qg4 c5 6. Nf3 Nbc6 7. a3 Qa5 8. Bd2
cxd4 9. Nxd4 Nxd4 10. Qxd4 Nc6 11. Qg4 d4 12. Qxg7 Rf8 13. axb4 Qxa1+ 14. Nd1
Bd7 15. Bd3 Qa4 16. O-O O-O-O 17. c3 Rg8 18. Qf6 dxc3 19. bxc3 Nxb4 20. cxb4
Bc6 21. Ne3 Rxd3 22. Qxf7 Re8 23. Nc4 Rxd2 24. Nxd2 Qxb4 25. Rc1 Qe7 26. Qf4
Rf8 27. Qe3 Kb8 28. Nc4 Qg7 29. g3 Bd5 30. Qc5 Rd8 31. Nd6 Qd7 32. Qb4 Bc6 33.
f4 h5 34. Kf2 Rg8 35. f5 Rg4 36. Qb3 exf5 37. h3 Rg6 38. Qe3 h4 39. gxh4 Rg2+
40. Ke1 Qg7 41. Nxf5 Rg1+ 42. Kd2 Qg2+ 43. Kc3 Rxc1+ 44. Qxc1 Qxh3+ 45. Ne3 Qg3
46. Qd2 Qxe5+ 47. Qd4 Qxd4+ 48. Kxd4 Bf3 49. Nf5 Kc7 50. Ng7 Kd6 51. h5 Ke7 52.
Nf5+ Kf8 53. h6 Kg8 54. Nd6 Kh7 55. Nxb7 1/2-1/2

[Event "GBR-ch71"]
[Site "Brighton"]
[Date "1984.08.01"]
[Round "3"]
[White "James, Stephen C"]
[Black "Murshed, Niaz"]
[Result "1/2-1/2"]
[WhiteElo "2140"]
[BlackElo "2405"]
[PlyCount "35"]
[EventDate "1984.07.30"]
[EventType "swiss"]
[EventRounds "11"]
[EventCountry "GBR"]
[SourceTitle "BritBase"]
[Source "John Saunders"]
[SourceDate "2020.09.07"]
[SourceVersion "1"]
[SourceVersionDate "2020.09.07"]
[SourceQuality "2"]

1. d4 Nf6 2. c4 e6 3. Nc3 c5 4. d5 exd5 5. cxd5 d6 6. e4 g6 7. f4 Bg7 8. Bb5+
Nfd7 9. a4 O-O 10. Nf3 Na6 11. O-O Nc7 12. Re1 Nf6 13. Bc4 Nh5 14. e5 Bg4 15.
h3 Bxf3 16. Qxf3 f5 17. g3 a6 18. a5 1/2-1/2

[Event "GBR-ch71"]
[Site "Brighton"]
[Date "1984.08.01"]
[Round "3"]
[White "King, Daniel J"]
[Black "Yeo, Michael J"]
[Result "1-0"]
[WhiteElo "2435"]
[BlackElo "2205"]
[PlyCount "81"]
[EventDate "1984.07.30"]
[EventType "swiss"]
[EventRounds "11"]
[EventCountry "GBR"]
[SourceTitle "BritBase"]
[Source "John Saunders"]
[SourceDate "2020.09.07"]
[SourceVersion "1"]
[SourceVersionDate "2020.09.07"]
[SourceQuality "2"]

1. Nf3 Nc6 2. d4 d5 3. c4 Bg4 4. Qa4 Nf6 5. Nc3 dxc4 6. e3 Bxf3 7. gxf3 e6 8.
Qxc4 Be7 9. f4 Nb4 10. Qe2 c5 11. dxc5 Bxc5 12. a3 Nc6 13. Bg2 O-O 14. O-O Qe7
15. b4 Bb6 16. Bb2 Rfd8 17. Rfd1 Rxd1+ 18. Rxd1 Rd8 19. Na4 Rxd1+ 20. Qxd1 Nd7
21. Nxb6 Nxb6 22. Qd3 f6 23. Qb3 Kf8 24. Bh3 e5 25. fxe5 Nxe5 26. Bg2 Nbc4 27.
Bd4 b6 28. f4 Nd2 29. Qd1 Nec4 30. Qc2 Qe6 31. h3 f5 32. a4 g6 33. a5 bxa5 34.
bxa5 a6 35. Qa4 Ne4 36. Qb4+ Ncd6 37. Bxe4 fxe4 38. Bc5 Ke7 39. Qb7+ Ke8 40.
Qc6+ Ke7 41. Qc7+ 1-0

[Event "GBR-ch71"]
[Site "Brighton"]
[Date "1984.08.01"]
[Round "3"]
[White "Kosten, Anthony C"]
[Black "Strauss, David J"]
[Result "0-1"]
[WhiteElo "2420"]
[BlackElo "2425"]
[PlyCount "106"]
[EventDate "1984.07.30"]
[EventType "swiss"]
[EventRounds "11"]
[EventCountry "GBR"]
[SourceTitle "BritBase"]
[Source "John Saunders"]
[SourceDate "2020.09.07"]
[SourceVersion "1"]
[SourceVersionDate "2020.09.07"]
[SourceQuality "2"]

1. e4 c5 2. Nf3 Nc6 3. d4 cxd4 4. Nxd4 Nf6 5. Nc3 d6 6. Bc4 Qb6 7. Nxc6 bxc6 8.
O-O g6 9. Be3 Qc7 10. Qe2 Bg7 11. f4 O-O 12. Bd4 e5 13. Be3 Ng4 14. f5 gxf5 15.
exf5 Nxe3 16. Qxe3 Qb6 17. Rae1 d5 18. Bb3 Ba6 19. Qxb6 axb6 20. f6 Bh6 21. Rf2
Rfe8 22. h4 Rad8 23. g4 Bf4 24. Rg2 h6 25. Ne2 Bd2 26. Rd1 Be3+ 27. Kh1 d4 28.
g5 hxg5 29. Kh2 c5 30. c4 dxc3 31. bxc3 Rxd1 32. Bxd1 Rd8 33. Bb3 Rd2 34. Ng3
c4 35. Bc2 Rxg2+ 36. Kxg2 gxh4 37. Ne4 Bb7 38. Kh3 Bxe4 39. Bxe4 Bg5 40. Bd5
Bxf6 41. Bxc4 Kg7 42. Bd5 Bg5 43. Kg4 f6 44. Kf5 h3 45. a4 h2 46. c4 Be3 47.
Ke6 Kg6 48. Be4+ Kg5 49. Bg2 Bd4 50. Kd5 Kf4 51. c5 Bxc5 52. a5 bxa5 53. Kxc5
e4 0-1

[Event "GBR-ch71"]
[Site "Brighton"]
[Date "1984.08.01"]
[Round "3"]
[White "Levene, Mark"]
[Black "Freeman, Richard CP"]
[Result "1-0"]
[WhiteElo "2205"]
[BlackElo "2095"]
[PlyCount "129"]
[EventDate "1984.07.30"]
[EventType "swiss"]
[EventRounds "11"]
[EventCountry "GBR"]
[SourceTitle "BritBase"]
[Source "John Saunders"]
[SourceDate "2020.09.07"]
[SourceVersion "1"]
[SourceVersionDate "2020.09.07"]
[SourceQuality "2"]

1. e4 c5 2. Nf3 Nc6 3. d4 cxd4 4. Nxd4 e5 5. Nb5 a6 6. Nd6+ Bxd6 7. Qxd6 Qf6 8.
Qxf6 Nxf6 9. Nc3 d5 10. exd5 Nb4 11. Bd3 Nfxd5 12. Nxd5 Nxd5 13. Bd2 O-O 14.
O-O-O Be6 15. Rhe1 Nf4 16. Bxf4 exf4 17. Be4 Rab8 18. Rd6 Rfe8 19. Bd5 Bxd5 20.
Rxe8+ Rxe8 21. Rxd5 g6 22. Kd2 Re7 23. c4 Kg7 24. b4 Kf6 25. a4 Re4 26. Kc3 Re1
27. Rd2 Rh1 28. c5 Ke5 29. b5 a5 30. Rd7 Rc1+ 31. Kb3 Rxc5 32. Rxf7 Kd6 33.
Rxb7 Rh5 34. h3 f3 35. g3 Rxh3 36. Rf7 Rh1 37. Rxf3 Rb1+ 38. Ka3 Rc1 39. Rf7
Ra1+ 40. Kb3 Rb1+ 41. Ka2 Rd1 42. b6 Rd4 43. Ka3 Rb4 44. b7 h5 45. Rg7 Kc5 46.
Rxg6 Rxb7 47. Rg5+ Kc4 48. Rxh5 Rb3+ 49. Ka2 Rf3 50. Rh4+ Kc3 51. Rf4 Rd3 52.
Rf7 Kb4 53. g4 Rd2+ 54. Kb1 Kxa4 55. g5 Kb3 56. Rf3+ Kc4 57. g6 Rd8 58. Rf6 a4
59. f4 a3 60. g7 Kb3 61. Rb6+ Ka4 62. f5 Rd1+ 63. Ka2 Rd2+ 64. Ka1 a2 65. g8=Q
1-0

[Event "GBR-ch71"]
[Site "Brighton"]
[Date "1984.08.01"]
[Round "3"]
[White "Levitt, Jonathan"]
[Black "Lane, Gary William"]
[Result "1/2-1/2"]
[WhiteElo "2370"]
[BlackElo "2310"]
[PlyCount "81"]
[EventDate "1984.07.30"]
[EventType "swiss"]
[EventRounds "11"]
[EventCountry "GBR"]
[SourceTitle "BritBase"]
[Source "John Saunders"]
[SourceDate "2020.09.07"]
[SourceVersion "1"]
[SourceVersionDate "2020.09.07"]
[SourceQuality "2"]

1. e4 e5 2. Nf3 Nc6 3. Bb5 a6 4. Bxc6 dxc6 5. O-O f6 6. d4 Bg4 7. dxe5 Qxd1 8.
Rxd1 fxe5 9. Nbd2 O-O-O 10. Re1 Bd6 11. h3 Bh5 12. Nh4 Ne7 13. Nf1 Bf7 14. Ng3
Be6 15. Bg5 Rdf8 16. Rad1 Rf7 17. Bxe7 Rxe7 18. Nf3 g6 19. Nf1 Rf8 20. N1h2 b5
21. Ng4 Bd7 22. Re2 h5 23. Ngh2 Be6 24. Ng5 Bg8 25. Nhf3 Rg7 26. Red2 a5 27. a3
a4 28. g3 Kb7 29. Kg2 c5 30. Nh4 Kc6 31. Nhf3 b4 32. Ra1 Kb5 33. Rad1 bxa3 34.
bxa3 c4 35. c3 Kc6 36. Rb1 Re7 37. Rdb2 Ra8 38. Ra2 Rd7 39. Nh4 Rg7 40. Nhf3
Ra6 41. Nd2 1/2-1/2

[Event "GBR-ch71"]
[Site "Brighton"]
[Date "1984.08.01"]
[Round "3"]
[White "Mestel, A Jonathan"]
[Black "Dawson, Craig R"]
[Result "1-0"]
[WhiteElo "2545"]
[BlackElo "2300"]
[PlyCount "69"]
[EventDate "1984.07.30"]
[EventType "swiss"]
[EventRounds "11"]
[EventCountry "GBR"]
[SourceTitle "BritBase"]
[Source "John Saunders"]
[SourceDate "2020.09.07"]
[SourceVersion "1"]
[SourceVersionDate "2020.09.07"]
[SourceQuality "2"]

1. e4 e5 2. Nf3 Nc6 3. Bb5 a6 4. Ba4 d6 5. O-O Bg4 6. h3 h5 7. d4 b5 8. Bb3
Nxd4 9. hxg4 hxg4 10. Ng5 Nh6 11. Bd5 c6 12. c3 cxd5 13. cxd4 Be7 14. dxe5 Bxg5
15. Qxd5 Rc8 16. Nc3 Bxc1 17. Rfxc1 g3 18. Nd1 Ng4 19. Rxc8 Qxc8 20. exd6 Qd8
21. Qc6+ Kf8 22. Qc5 Kg8 23. fxg3 Rh6 24. e5 Re6 25. Nf2 Nxe5 26. Rd1 Nd7 27.
Qc6 Qe8 28. Rd4 Re1+ 29. Kh2 f5 30. Nd3 Re4 31. Rxe4 fxe4 32. Qd5+ Kh8 33. Nf4
e3 34. Qf5 Ne5 35. Qxe5 1-0

[Event "GBR-ch71"]
[Site "Brighton"]
[Date "1984.08.01"]
[Round "3"]
[White "Mithrakanth, Poorna Sharma"]
[Black "Buchanan, Walter F"]
[Result "1/2-1/2"]
[WhiteElo "2365"]
[BlackElo "2160"]
[PlyCount "146"]
[EventDate "1984.07.30"]
[EventType "swiss"]
[EventRounds "11"]
[EventCountry "GBR"]
[SourceTitle "BritBase"]
[Source "John Saunders"]
[SourceDate "2020.09.07"]
[SourceVersion "1"]
[SourceVersionDate "2020.09.07"]
[SourceQuality "2"]

1. e4 e6 2. d4 d5 3. Nd2 a6 4. Bd3 c5 5. dxc5 Bxc5 6. Ngf3 Ne7 7. O-O Nbc6 8.
Nb3 Ba7 9. c3 Bd7 10. Bf4 Qb6 11. a4 a5 12. Be3 Qc7 13. Nbd4 Bxd4 14. Nxd4 Nxd4
15. Bxd4 e5 16. Be3 O-O 17. exd5 Qd6 18. c4 f5 19. f4 Ng6 20. Qd2 exf4 21. Bxf4
Nxf4 22. Rxf4 b6 23. b3 Rae8 24. Rff1 Re5 25. Rae1 Rfe8 26. Rxe5 Qxe5 27. Qf2
Qe3 28. Qxe3 Rxe3 29. Bxf5 Bxf5 30. Rxf5 Rxb3 31. d6 Rd3 32. Rd5 Rxd5 33. cxd5
Kf7 34. Kf2 b5 35. axb5 a4 36. b6 a3 37. d7 a2 38. d8=Q a1=Q 39. Qc7+ Kg6 40.
b7 Qd4+ 41. Ke2 Qe4+ 42. Kd1 Qd3+ 43. Kc1 Qa3+ 44. Kd2 Qb4+ 45. Kd3 Qb1+ 46.
Kd4 Qa1+ 47. Kd3 Qd1+ 48. Ke4 Qe1+ 49. Kf3 Qf1+ 50. Kg3 Qd3+ 51. Kh4 Qe4+ 52.
g4 Qe1+ 53. Qg3 Qe7+ 54. Kh3 Qxb7 55. Qd6+ Kf7 56. Qe6+ Kf8 57. Qf5+ Kg8 58. d6
g6 59. Qe6+ Qf7 60. Qc8+ Kg7 61. Qc3+ Kf8 $4 {(Perhaps the score is wrong and
Black played Kg8)} 62. Kg3 $4 (62. Qh8+ Qg8 63. Qxg8+ Kxg8 64. d7 $18) 62...
Qe6 63. Qc5 Kf7 64. Qd4 (64. Kf4 Qf6+ 65. Ke4 Qe6+ 66. Kf4 $10) 64... Qe1+ 65.
Kh3 Qf1+ 66. Kh4 Qe1+ 67. Kh3 Qf1+ 68. Kg3 Qe1+ 69. Kf4 Ke6 70. d7 (70. Qe4+
Qxe4+ 71. Kxe4 Kxd6 72. Kf4 Ke6 73. Kg5 h5 $1 $10) 70... Qf1+ 71. Ke3 (71. Kg3
Qe1+ 72. Kh3 Qf1+ 73. Kh4 Qe1+ 74. Kg5 Qc1+ 75. Kh4 $10) 71... Qg1+ 72. Kd3
Qd1+ 73. Kc4 Qa4+ 1/2-1/2

[Event "GBR-ch71"]
[Site "Brighton"]
[Date "1984.08.01"]
[Round "3"]
[White "Morrison, Graham"]
[Black "Hartston, William Roland"]
[Result "1/2-1/2"]
[WhiteElo "2335"]
[BlackElo "2440"]
[PlyCount "45"]
[EventDate "1984.07.30"]
[EventType "swiss"]
[EventRounds "11"]
[EventCountry "GBR"]
[SourceTitle "BritBase"]
[Source "John Saunders"]
[SourceDate "2020.09.07"]
[SourceVersion "1"]
[SourceVersionDate "2020.09.07"]
[SourceQuality "2"]

1. Nf3 d5 2. d4 Nf6 3. c4 c6 4. Nc3 dxc4 5. a4 Bf5 6. e3 e6 7. Bxc4 Bb4 8. O-O
O-O 9. Qe2 Nbd7 10. e4 Bg6 11. e5 Nd5 12. Ne4 Be7 13. a5 Kh8 14. Bd2 f6 15.
exf6 gxf6 16. Rfe1 Rg8 17. Ng3 Bf7 18. Bxd5 cxd5 19. Nf5 Bf8 20. Nh6 Bxh6 21.
Bxh6 a6 22. Qd2 Bh5 23. Ra3 1/2-1/2

[Event "GBR-ch71"]
[Site "Brighton"]
[Date "1984.08.01"]
[Round "3"]
[White "O'Hara, Michael J"]
[Black "Johansen, Darryl Keith"]
[Result "0-1"]
[WhiteElo "2215"]
[BlackElo "2440"]
[PlyCount "114"]
[EventDate "1984.07.30"]
[EventType "swiss"]
[EventRounds "11"]
[EventCountry "GBR"]
[SourceTitle "BritBase"]
[Source "John Saunders"]
[SourceDate "2020.09.07"]
[SourceVersion "1"]
[SourceVersionDate "2020.09.07"]
[SourceQuality "2"]

1. e4 c5 2. c3 b6 3. d4 Bb7 4. d5 Nf6 5. Bd3 c4 6. Bxc4 Nxe4 7. Qd4 Nf6 8. Bb3
e6 9. c4 Bc5 10. Qd1 exd5 11. Qe2+ Qe7 12. Qxe7+ Bxe7 13. Nf3 dxc4 14. Bxc4 O-O
15. O-O Rc8 16. Bb3 Na6 17. Nc3 Nc5 18. Bc2 Ne6 19. Be3 Bb4 20. Rac1 Kf8 21.
Bb1 Bc5 22. Rfd1 Bxe3 23. fxe3 Rc5 24. Nd4 Rg5 25. Nxe6+ fxe6 26. Rd2 Ke7 27.
Rcd1 Rc8 28. e4 Bc6 29. Re1 Ng4 30. Nd5+ Kd8 31. Nf4 Ke7 32. Nd5+ Ke8 33. Ne3
Ne5 34. Rf2 Bb7 35. h4 Rg3 36. Rf4 Ng6 37. Kf2 Rxe3 38. Kxe3 Nxf4 39. Kxf4 Ke7
40. g3 h6 41. Bd3 Rf8+ 42. Ke3 Kd6 43. Rc1 a5 44. Rc3 Bc6 45. Rb3 Rb8 46. Bb5
Bxb5 47. Rxb5 Kc6 48. a4 d6 49. Kd3 Rf8 50. Kd2 d5 51. Kc3 Rf1 52. exd5+ exd5
53. Rb3 Re1 54. Kd3 Rc1 55. Kd2 Rc4 56. Re3 Rd4+ 57. Kc3 Kc5 0-1

[Event "GBR-ch71"]
[Site "Brighton"]
[Date "1984.08.01"]
[Round "3"]
[White "Ravisekhar, Raja"]
[Black "Martin, Andrew D"]
[Result "1/2-1/2"]
[WhiteElo "2430"]
[BlackElo "2445"]
[PlyCount "62"]
[EventDate "1984.07.30"]
[EventType "swiss"]
[EventRounds "11"]
[EventCountry "GBR"]
[SourceTitle "BritBase"]
[Source "John Saunders"]
[SourceDate "2020.09.07"]
[SourceVersion "1"]
[SourceVersionDate "2020.09.07"]
[SourceQuality "2"]

1. d4 e6 2. e4 d5 3. exd5 exd5 4. Bd3 Nc6 5. c3 Bd6 6. Qf3 Nce7 7. Bf4 Nf6 8.
h3 Be6 9. Nd2 Qd7 10. Bxd6 Qxd6 11. Qg3 Qxg3 12. fxg3 Bf5 13. Bxf5 Nxf5 14. Kf2
Nd6 15. Ne2 Nde4+ 16. Nxe4 Nxe4+ 17. Kf3 O-O-O 18. Rad1 Rhe8 19. Nf4 Rd6 20.
Rde1 c6 21. h4 g6 22. g4 h6 23. g3 Rg8 24. Re3 g5 25. hxg5 Rxg5 26. Rh4 f5 27.
Re2 h5 28. Rxh5 fxg4+ 29. Kg2 Rxh5 30. Nxh5 Rh6 31. Nf4 Kc7 1/2-1/2

[Event "GBR-ch71"]
[Site "Brighton"]
[Date "1984.08.01"]
[Round "3"]
[White "Shaw, Robert"]
[Black "Waddingham, Graham A"]
[Result "1/2-1/2"]
[WhiteElo "2050"]
[BlackElo "2215"]
[PlyCount "86"]
[EventDate "1984.07.30"]
[EventType "swiss"]
[EventRounds "11"]
[EventCountry "GBR"]
[SourceTitle "BritBase"]
[Source "John Saunders"]
[SourceDate "2020.09.07"]
[SourceVersion "1"]
[SourceVersionDate "2020.09.07"]
[SourceQuality "2"]

1. e4 e5 2. Nf3 Nc6 3. Bb5 a6 4. Ba4 b5 5. Bb3 Bc5 6. c3 d6 7. d3 Qf6 8. Bd5
Bd7 9. Be3 Bxe3 10. fxe3 Nge7 11. Bxc6 Nxc6 12. O-O Qh6 13. Qe1 O-O 14. Nh4 g6
15. Nd2 f6 16. h3 Ne7 17. Rf3 d5 18. Qg3 Qg7 19. Raf1 dxe4 20. Nxe4 f5 21. Nc5
Rad8 22. Nxd7 Rxd7 23. e4 f4 24. Qg4 Rd6 25. d4 Nc6 26. g3 h5 27. Qg5 exd4 28.
gxf4 dxc3 29. bxc3 Rfd8 30. Rg3 Ne7 31. f5 Rf8 32. Nxg6 Nxg6 33. Qxh5 b4 34.
Rxg6 Rxg6+ 35. Qxg6 Qxg6+ 36. fxg6 bxc3 37. Rc1 Rf3 38. Kg2 Re3 39. h4 Rxe4 40.
Rxc3 Rg4+ 41. Kh3 Rxg6 42. Rxc7 Rd6 43. Ra7 Rd3+ 1/2-1/2

[Event "GBR-ch71"]
[Site "Brighton"]
[Date "1984.08.01"]
[Round "3"]
[White "Short, Nigel David"]
[Black "Parameswaran, Tiruchi N"]
[Result "1-0"]
[WhiteElo "2510"]
[BlackElo "2365"]
[PlyCount "51"]
[EventDate "1984.07.30"]
[EventType "swiss"]
[EventRounds "11"]
[EventCountry "GBR"]
[SourceTitle "BritBase"]
[Source "John Saunders"]
[SourceDate "2020.09.07"]
[SourceVersion "1"]
[SourceVersionDate "2020.09.07"]
[SourceQuality "2"]

1. e4 c5 2. Nf3 e6 3. d4 cxd4 4. Nxd4 Nf6 5. Nc3 d6 6. g4 h6 7. Bg2 a6 8. h4
Qb6 9. g5 hxg5 10. hxg5 Rxh1+ 11. Bxh1 Ng8 12. Nb3 Nc6 13. Be3 Qc7 14. f4 Nge7
15. Qd2 Bd7 16. O-O-O Ng6 17. e5 dxe5 18. Bb6 Qc8 19. Ne4 Nd4 20. Nxd4 exd4 21.
Qxd4 Nxf4 22. Nd6+ Bxd6 23. Qxd6 Ba4 24. Bc5 Ng6 25. Rd4 Qd7 26. Rxa4 1-0

[Event "GBR-ch71"]
[Site "Brighton"]
[Date "1984.08.01"]
[Round "3"]
[White "Thipsay, Praveen Mahadeo"]
[Black "Howell, James C"]
[Result "1-0"]
[WhiteElo "2445"]
[BlackElo "2340"]
[PlyCount "145"]
[EventDate "1984.07.30"]
[EventType "swiss"]
[EventRounds "11"]
[EventCountry "GBR"]
[SourceTitle "BritBase"]
[Source "John Saunders"]
[SourceDate "2020.09.07"]
[SourceVersion "1"]
[SourceVersionDate "2020.09.07"]
[SourceQuality "2"]

1. e4 c5 2. Nf3 d6 3. d4 cxd4 4. Nxd4 Nf6 5. Nc3 a6 6. Be2 e5 7. Nb3 Be7 8. Be3
Be6 9. O-O O-O 10. a4 Nc6 11. f4 exf4 12. Rxf4 Rc8 13. Kh1 Ne8 14. Rf1 Bf6 15.
Qd2 Be5 16. Bg5 Nf6 17. Bd3 h6 18. Bf4 Qe7 19. Rae1 Rcd8 20. Nc1 Nh5 21. Bxe5
Nxe5 22. N1e2 Qh4 23. g3 Qe7 24. Nd4 Nf6 25. Nf5 Bxf5 26. Rxf5 Qe6 27. Ref1
Nfd7 28. Nd5 Rc8 29. a5 Rfe8 30. Kg1 Rc6 31. b4 Rec8 32. Qe3 Nxd3 33. cxd3 Rc2
34. Rxf7 Ne5 35. R7f2 Rxf2 36. Qxf2 Nxd3 37. Qf5 Re8 38. Qxe6+ Rxe6 39. Rd1 Ne5
40. Kg2 Kf8 41. Rc1 Nd3 42. Rc7 Rxe4 43. Rxb7 Rd4 44. Nc7 Rxb4 45. Ne6+ Ke8 46.
Nxg7+ Kd8 47. Ne6+ Kc8 48. Rc7+ Kb8 49. Rc6 Rb2+ 50. Kh3 Nf2+ 51. Kh4 Ne4 52.
h3 Rb5 53. Rxa6 Kb7 54. Rb6+ Rxb6 55. axb6 Kxb6 56. g4 Kc6 57. Kh5 d5 58. Kxh6
Kd6 59. Nf4 Ke5 60. Ng6+ Kd4 61. g5 Ke3 62. Ne7 d4 63. Nd5+ Kf2 64. Nb4 Kg3 65.
g6 Nd6 66. Kg5 Ne4+ 67. Kh5 Kxh3 68. g7 Nf6+ 69. Kg6 Ng8 70. Nd5 Kh2 71. Kh7 d3
72. Kxg8 d2 73. Nc3 1-0

[Event "GBR-ch71"]
[Site "Brighton"]
[Date "1984.08.01"]
[Round "3"]
[White "Watts, David"]
[Black "Chandler, Murray G"]
[Result "0-1"]
[WhiteElo "2240"]
[BlackElo "2540"]
[PlyCount "64"]
[EventDate "1984.07.30"]
[EventType "swiss"]
[EventRounds "11"]
[EventCountry "GBR"]
[SourceTitle "BritBase"]
[Source "John Saunders"]
[SourceDate "2020.09.07"]
[SourceVersion "1"]
[SourceVersionDate "2020.09.07"]
[SourceQuality "2"]

1. e4 c5 2. Nf3 d6 3. d4 Nf6 4. Nc3 cxd4 5. Nxd4 a6 6. Be2 e5 7. Nb3 Be7 8. O-O
O-O 9. a4 Be6 10. f4 exf4 11. Bxf4 Nc6 12. Kh1 Ne5 13. Nd4 Rc8 14. Qd2 Re8 15.
Rad1 Qb6 16. Rb1 Nc4 17. Bxc4 Rxc4 18. Nxe6 fxe6 19. Qe2 Qc6 20. e5 Ne4 21.
exd6 Bxd6 22. Bxd6 Nxd6 23. Rbd1 Nf5 24. Rd3 Rf8 25. Qf3 Ng3+ 26. hxg3 Rxf3 27.
Rd8+ Kf7 28. Rxf3+ Kg6 29. Ne2 h6 30. Nf4+ Kh7 31. g4 e5 32. Nd5 Rxg4 0-1

[Event "GBR-ch71"]
[Site "Brighton"]
[Date "1984.08.02"]
[Round "4"]
[White "Arkell, Keith C"]
[Black "Mestel, A Jonathan"]
[Result "1/2-1/2"]
[WhiteElo "2345"]
[BlackElo "2545"]
[PlyCount "83"]
[EventDate "1984.07.30"]
[EventType "swiss"]
[EventRounds "11"]
[EventCountry "GBR"]
[SourceTitle "BritBase"]
[Source "John Saunders"]
[SourceDate "2020.09.07"]
[SourceVersion "1"]
[SourceVersionDate "2020.09.07"]
[SourceQuality "2"]

1. Nf3 Nf6 2. d4 g6 3. g3 Bg7 4. Bg2 O-O 5. O-O d6 6. Nc3 d5 7. Ne5 Bf5 8. Bf4
c6 9. Qd2 Nbd7 10. Nxd7 Nxd7 11. e4 dxe4 12. Nxe4 Qb6 13. c3 Rad8 14. Rfe1 e5
15. Bg5 f6 16. Be3 Bxe4 17. Bxe4 f5 18. Bg2 exd4 19. Bxd4 Bxd4 20. cxd4 Nf6 21.
Rad1 Rd7 22. Re6 Qd8 23. Qc3 Re8 24. Rxe8+ Qxe8 25. Bf3 Qe6 26. a3 Kg7 27. Qb4
Qd6 28. Qc3 Nd5 29. Qa5 a6 30. Kf1 Kf7 31. Qd2 Nc7 32. Qh6 Kf6 33. h4 Qe7 34.
Qg5+ Kg7 35. Qxe7+ Rxe7 36. d5 cxd5 37. Bxd5 Nxd5 38. Rxd5 Kf6 39. Rd2 a5 40.
Rd5 Re5 41. Rd6+ Re6 42. Rd5 1/2-1/2

[Event "GBR-ch71"]
[Site "Brighton"]
[Date "1984.08.02"]
[Round "4"]
[White "Basman, Michael John"]
[Black "Morrison, Graham"]
[Result "1/2-1/2"]
[WhiteElo "2390"]
[BlackElo "2335"]
[PlyCount "76"]
[EventDate "1984.07.30"]
[EventType "swiss"]
[EventRounds "11"]
[EventCountry "GBR"]
[SourceTitle "BritBase"]
[Source "John Saunders"]
[SourceDate "2020.09.07"]
[SourceVersion "1"]
[SourceVersionDate "2020.09.07"]
[SourceQuality "2"]

1. d4 Nf6 2. Nf3 b6 3. Bg5 Bb7 4. e3 e6 5. Nbd2 h6 6. Bh4 Be7 7. h3 d6 8. c3
Nbd7 9. a4 a6 10. Bd3 Nh5 11. Bg3 Nxg3 12. fxg3 c5 13. O-O Qc7 14. e4 Bf6 15.
Qe2 O-O 16. Kh1 g6 17. Rf2 Bg7 18. g4 cxd4 19. cxd4 e5 20. d5 Qc5 21. Nc4 f5
22. exf5 e4 23. Bxe4 Rae8 24. Nfd2 gxf5 25. Rxf5 Rxf5 26. gxf5 Nf6 27. Qf3 Nxe4
28. Nxe4 Qxd5 29. f6 Rxe4 30. fxg7 Rf4 31. Qxd5+ Bxd5 32. Nxb6 Bc6 33. Rd1 Rf2
34. Rxd6 Bxg2+ 35. Kg1 Rxb2 36. Nc4 Ra2 37. Ne3 Bxh3 38. Rxh6 Rxa4 1/2-1/2

[Event "GBR-ch71"]
[Site "Brighton"]
[Date "1984.08.02"]
[Round "4"]
[White "Bellin, Robert"]
[Black "Hawthorne, John P"]
[Result "1/2-1/2"]
[WhiteElo "2370"]
[BlackElo "2150"]
[PlyCount "63"]
[EventDate "1984.07.30"]
[EventType "swiss"]
[EventRounds "11"]
[EventCountry "GBR"]
[SourceTitle "BritBase"]
[Source "John Saunders"]
[SourceDate "2020.09.07"]
[SourceVersion "1"]
[SourceVersionDate "2020.09.07"]
[SourceQuality "2"]

1. e4 e5 2. Nf3 Nf6 3. Nxe5 d6 4. Nf3 Nxe4 5. d4 d5 6. Bd3 Bd6 7. O-O O-O 8.
Re1 Re8 9. c4 c6 10. Nc3 Nxc3 11. Rxe8+ Qxe8 12. bxc3 Bg4 13. Bd2 Qd8 14. h3
Bh5 15. c5 Bc7 16. Qb1 Bxf3 17. gxf3 b6 18. Bxh7+ Kh8 19. cxb6 axb6 20. Bc2 Qh4
21. Qf1 c5 22. Qg2 cxd4 23. Qg4 Qxg4+ 24. fxg4 Be5 25. cxd4 Bxd4 26. Re1 Nc6
27. Bb3 Ne5 28. Kg2 Rd8 29. f4 Nc4 30. Bc1 Bc5 31. Kf3 b5 32. Rd1 1/2-1/2